Responses for show #7026 - Monday, March 16, 2015

Kristin Sausville game 4.

Contestants

Darren Shea, a network administrator from Kyle, Texas

Pauline Sholtys, an editor from Ansonia, Connecticut

Kristin Sausville, a stay-at-home mom from Newark, Delaware (whose 3-day cash winnings total $52,802)

Jeopardy! Round responses

THEY SAID IT
BY ANY OTHER NAME
THE BUCK STOPS HERE
BODY PART VERBS
SPORTS JEOPARDY
GETTING HITCHED
(Alex: We'll give you the onname of one of the partners, you identify the other.)
    $200 6
Fidel Castro

Pauline
    $200 11
the common cold

Kristin
    $200 20
venison

Pauline
    $200 7
to foot

Darren
    $200 26
(Alex: Yes, but the jumper survived.)

javelin

Kristin
    $200 1
Ronald Reagan

Kristin
    $400 12
Socrates

Kristin
    $400 15
laughing gas

Kristin
    $400 21
a deer in the headlights

Darren
    $400 8
(Kristen: What is strongarm?)

(Kristen's response was originally ruled incorrect, but was given credit during the interview)

muscle

KristinDarren
    $400 27
(Philadelphia) 76ers

Kristin
    $400 2
Isabella

Kristin
    $600 13
Leo Durocher

Pauline
    $600 17
an accordion

Darren
    $600 22
South Park

Kristin
    $600 9
arm

Kristin
    $600 28
a suicide squeeze

Triple Stumper
    $600 3
Michael Huffington

Kristin
    $800 14
Julius Caesar

Darren
    $800 18
antifreeze

Darren
    $800 23
the Deerslayer

Pauline
    $800 10
to brain

Darren
    $800 29
(Washington) Wizards

Kristin
    $800 4
F. Scott Fitzgerald

Kristin
    $1000 16
MacArthur

Kristin
    $1000 19
plaster of Paris

Darren
    $1000 24
Artemis (or Diana)

Kristin
    $1000 25
to finger

Darren
    $1000 30
the agony of defeat

Darren
    $1,600 5
John Kerry

Kristin

Scores at the first commercial break (after clue 15):

Kristin Pauline Darren
$5,600 $800 $2,200

Scores at the end of the Jeopardy! Round:

Kristin Pauline Darren
$9,600 $1,800 $7,000

Double Jeopardy! Round responses

RAGE FOR THE MACHINE
FLAGS OF CROSS & CRESCENT
THE LONDON STAGE
FROM F TO G
19th C. NEWSPAPER PUBLISHERS
GETTING HITCH-ED
    $400 16
the Model A

Kristin
    $400 11
Switzerland

Kristin
    $400 26
Phantom of the Opera

Darren
    $400 1
fling

Kristin
    $400 6
the Inquirer

Kristin
    $400 21
The Birds

Kristin
    $800 17
a pocket calculator

Darren
    $800 12
Georgia

Kristin
    $800 27
Queen Elizabeth and Margaret Thatcher

Triple Stumper
    $800 2
a fang

Pauline
    $800 7
The Denver Post

Kristin
    $800 22
Vertigo

Pauline
    $6,000 18
(Darren: What are transistors?)

television sets

Darren
    $1200 13
South Carolina

Pauline
    $1200 28
Twelve Angry Men

Kristin
    $1200 3
a feedbag

Darren
    $1200 8
(William Randolph) Hearst

Kristin
    $1200 23
James Stewart

Kristin
    $1600 19
Victrola

Pauline
    $1600 14
Tonga

Kristin
    $1600 29
[The end-of-round signal sounds.]

The Mousetrap

Darren
    $1600 4
the Frug

Pauline
    $1600 9
(Joseph) Pulitzer

Kristin
    $1600 24
Dial M for Murder

Kristin
    $2000 20
Canon

Kristin
    $2000 15
Turkey and Tunisia

Kristin
    $2000 5
flashing

Pauline
    $1,400 10
(Kristen: What is The Boston Herald?)

The Boston Globe

Kristin
    $2000 25
(Alex: You are right, with less than a minute to go.)

Bernard Herrmann

Darren

Scores at the end of the Double Jeopardy! Round:

Kristin Pauline Darren
$24,200 $9,800 $7,000
(lock game)

[wagering suggestions for these scores]

Final Jeopardy! Round responses

KIDS' TV CHARACTERS
DarrenWho is Dora the Explorer?
$6,800
PaulineWho is Dora the Explorer?
$5,000
KristinWho is Dora the Explorer?
$4,000
Dora the Explorer

Final scores:

Kristin Pauline Darren
$28,200 $14,800 $13,800
4-day champion: $81,002 2nd place: $2,000 3rd place: $1,000

Game dynamics:

Coryat scores:

Kristin Pauline Darren
$25,000 $9,800 $13,000
31 R
(including 1 DD),
1 W
(including 1 DD)
10 R,
0 W
15 R,
1 W
(including 1 DD)

Combined Coryat: $47,800

The J! Archive is created by fans, for fans. The Jeopardy! game show and all elements thereof, including but not limited to copyright and trademark thereto, are the property of Jeopardy Productions, Inc. and are protected under law. This website is not affiliated with, sponsored by, or operated by Jeopardy Productions, Inc. Join the discussion at JBoard.tv.